Welcome to the Holygrace Academy Library

Please use search bar below to get started

HAPPINESS (Record no. 5200)

MARC details
000 -LEADER
fixed length control field 00275nam a22001217a 4500
020 ## - INTERNATIONAL STANDARD BOOK NUMBER
ISBN 978-1-906548-71-1
082 ## - DEWEY DECIMAL CLASSIFICATION NUMBER
Classification number 150
Item number ARZ/E
100 ## - MAIN ENTRY--AUTHOR NAME
Personal name ARZENI,FLAVIA
245 ## - TITLE STATEMENT
Title HAPPINESS
260 ## - PUBLICATION, DISTRIBUTION, ETC. (IMPRINT)
Place of publication LONDON
Name of publisher PUSHKIN PRESS
650 ## - SUBJECT ADDED ENTRY--TOPICAL TERM
Topical Term PERSONALITY DEVELOPMENT
Geographic subdivision LONDON
942 ## - ADDED ENTRY ELEMENTS (KOHA)
Koha item type Books
Holdings
Withdrawn status Lost status Collection code Home library Current library Shelving location Date acquired Source of acquisition Full call number Accession Number Koha item type
    Reference Main Library Main Library SHELF-17G-PERSONALITY DEVELOPMENT BOOKS 01/11/2019 PURCHASE 150 ARZ/E 11872 Books